<?xml version="1.0" encoding="UTF-8"?>
<record
    xmlns:xsi="http://www.w3.org/2001/XMLSchema-instance"
    xsi:schemaLocation="http://www.loc.gov/MARC21/slim http://www.loc.gov/standards/marcxml/schema/MARC21slim.xsd"
    xmlns="http://www.loc.gov/MARC21/slim">

  <leader>01307nam a2200301 a 4500</leader>
  <controlfield tag="001">BRCA_8478</controlfield>
  <controlfield tag="005">20190320210312.0</controlfield>
  <controlfield tag="008">180216s2014----mx-a######---#000-0#spa-#</controlfield>
  <datafield tag="020" ind1=" " ind2=" ">
    <subfield code="a">9786079613112</subfield>
  </datafield>
  <datafield tag="041" ind1=" " ind2=" ">
    <subfield code="a">spa</subfield>
  </datafield>
  <datafield tag="044" ind1=" " ind2=" ">
    <subfield code="a">mx</subfield>
  </datafield>
  <datafield tag="050" ind1=" " ind2="4">
    <subfield code="a">B765.H73</subfield>
    <subfield code="b">.D53 2014</subfield>
  </datafield>
  <datafield tag="100" ind1="1" ind2=" ">
    <subfield code="a">Hugo, de San V&#xED;ctor</subfield>
    <subfield code="d">1096?-1141</subfield>
    <subfield code="9">21247</subfield>
  </datafield>
  <datafield tag="245" ind1="1" ind2="0">
    <subfield code="a">Del arte de leer</subfield>
    <subfield code="b">Didascalicon de studio legendi, el tratado</subfield>
    <subfield code="c">Hugo de San V&#xED;ctor ; traducci&#xF3;n del lat&#xED;n y notas Jos&#xE9; Manuel Villalaz ; revisi&#xF3;n t&#xE9;cnica Joel Molina Ayala. Lecturas en acto / [Magali Lara Ayala, Etelvina Bernal, Andr&#xE9;s L&#xF3;pez Fern&#xE1;ndez, Eligio Calder&#xF3;n].</subfield>
  </datafield>
  <datafield tag="260" ind1=" " ind2=" ">
    <subfield code="a">M&#xE9;xico</subfield>
    <subfield code="b">Editorial 17 : Consultor&#xED;a</subfield>
    <subfield code="c">2014</subfield>
  </datafield>
  <datafield tag="300" ind1=" " ind2=" ">
    <subfield code="a">1 v. (en varias paginaciones)</subfield>
    <subfield code="b">il. (algunas a color)</subfield>
    <subfield code="c">23 cm.</subfield>
  </datafield>
  <datafield tag="440" ind1=" " ind2="0">
    <subfield code="a">Colecci&#xF3;n diecisiete, teor&#xED;a cr&#xED;tica, psicoan&#xE1;lisis, acontecimiento</subfield>
    <subfield code="v">3</subfield>
    <subfield code="9">21248</subfield>
  </datafield>
  <datafield tag="500" ind1=" " ind2=" ">
    <subfield code="a">Texto contrapuesto invertido, con numeraci&#xF3;n duplicada</subfield>
  </datafield>
  <datafield tag="500" ind1=" " ind2=" ">
    <subfield code="a">Se encuentra en el &#xC1;rea de Investigaci&#xF3;n</subfield>
  </datafield>
  <datafield tag="650" ind1="1" ind2="4">
    <subfield code="a">Lectura</subfield>
    <subfield code="9">21249</subfield>
  </datafield>
  <datafield tag="650" ind1="1" ind2="4">
    <subfield code="a">Teor&#xED;a del conocimiento</subfield>
    <subfield code="9">21250</subfield>
  </datafield>
  <datafield tag="650" ind1="1" ind2="4">
    <subfield code="a">Teolog&#xED;a</subfield>
    <subfield code="y">Edad Media, 600-1500</subfield>
    <subfield code="9">21251</subfield>
  </datafield>
  <datafield tag="650" ind1="1" ind2="4">
    <subfield code="a">Filosof&#xED;a</subfield>
    <subfield code="y">Edad Media</subfield>
    <subfield code="9">21252</subfield>
  </datafield>
  <datafield tag="700" ind1="1" ind2=" ">
    <subfield code="a">Villalaz, Jos&#xE9; Manuel</subfield>
    <subfield code="e">tr.</subfield>
    <subfield code="9">21253</subfield>
  </datafield>
  <datafield tag="700" ind1="1" ind2=" ">
    <subfield code="a">Molina Ayala, Joel</subfield>
    <subfield code="9">21254</subfield>
  </datafield>
  <datafield tag="740" ind1="0" ind2=" ">
    <subfield code="a">Lecturas en acto</subfield>
  </datafield>
  <datafield tag="942" ind1=" " ind2=" ">
    <subfield code="2">lcc</subfield>
    <subfield code="c">B</subfield>
  </datafield>
  <datafield tag="999" ind1=" " ind2=" ">
    <subfield code="c">8145</subfield>
    <subfield code="d">8145</subfield>
  </datafield>
  <datafield tag="952" ind1=" " ind2=" ">
    <subfield code="0">0</subfield>
    <subfield code="1">0</subfield>
    <subfield code="4">0</subfield>
    <subfield code="7">0</subfield>
    <subfield code="a">BRCA</subfield>
    <subfield code="b">BRCA</subfield>
    <subfield code="d">2016-02-18</subfield>
    <subfield code="l">0</subfield>
    <subfield code="o">B765.H73 .D53 2014</subfield>
    <subfield code="p">02918</subfield>
    <subfield code="r">2019-03-22 00:00:00</subfield>
    <subfield code="w">2019-03-22</subfield>
    <subfield code="y">B</subfield>
  </datafield>
</record>
